| 000 | 00609nam a2200229Ia 4500 | ||
|---|---|---|---|
| 003 | OSt | ||
| 005 | 20230614150501.0 | ||
| 008 | 210423s2018 xx 000 0 und d | ||
| 020 | _a978-93-8676-161-3 | ||
| 040 | _cAL | ||
| 041 | _aeng | ||
| 082 |
_a657 _223 _bCHHL |
||
| 100 |
_aCHHEDA (Rajesh U) _987283 |
||
| 245 | _aLearn tally. ERP 9: with GST and e-way bill Rev Ed 3 | ||
| 250 | _a3 | ||
| 260 |
_aNew Delhi _bAne Books _c2018 |
||
| 300 |
_axi,351 _bPB |
||
| 365 |
_b395 _cINR |
||
| 650 |
_aAccounting _987284 |
||
| 906 | _a9: ; bill ; ERP ; e-way ; GST ; Learn ; Rev ; tally. | ||
| 942 |
_2ddc _cBK |
||
| 999 |
_c169804 _d169804 |
||